Ultimate Fantasy Click Quiz - Statistics

General Stats
  • This quiz has been taken 8 times
  • The average score is 9 of 15
Answer Stats
Hint Answer % Correct
The Chronicles of Narnia Aslan
100%
Avatar Neytiri
100%
Pirates of the Caribbean Gibbs
80%
Shrek Magic Mirror
80%
Peter Pan Smee
80%
The Lord of the Rings Brego
60%
Dragon Heart Einon
60%
Harry Potter Fluffy
60%
Pan's Labyrinth The Fawn
60%
Stardust Yvaine
60%
Willow Elora Danan
40%
The Dark Crystal Fizzgig
40%
The NeverEnding Story Gmork
40%
Labyrinth Toby
40%
Game of Thrones Irri
20%
No matching quizzes found
Score Distribution
Percent of People with Each Score
Percentile by Number Answered
Your Score History
You have not taken this quiz